Medicina transfusional : (Registro nro. 22675)

Detalles MARC
000 -LEADER
fixed length control field 01176nam a2200313 4500
001 - CONTROL NUMBER
control field 0000021031
003 - CONTROL NUMBER IDENTIFIER
control field CO-CtgCURN
005 - DATE AND TIME OF LATEST TRANSACTION
control field 20250331185211.0
007 - PHYSICAL DESCRIPTION FIXED FIELD--GENERAL INFORMATION
fixed length control field ta
008 - FIXED-LENGTH DATA ELEMENTS--GENERAL INFORMATION
fixed length control field 160627s1997 000 0 eng d
020 ## - INTERNATIONAL STANDARD BOOK NUMBER
International Standard Book Number 9589622496
040 ## - CATALOGING SOURCE
Original cataloging agency CO-CtgCURN
Language of cataloging spa
Transcribing agency coctgcurn
082 0# - DEWEY DECIMAL CLASSIFICATION NUMBER
Classification number 616.075
Item number M33
245 00 - TITLE STATEMENT
Title Medicina transfusional :
Remainder of title componentes sanguineos usuales y especiales /
Statement of responsibility, etc. Armando Cortes Buelvas.
260 ## - PUBLICATION, DISTRIBUTION, ETC.
Place of publication, distribution, etc. Bogotá :
Name of publisher, distributor, etc. Asociacion Colombiana de Facultades de Medicina,
Date of publication, distribution, etc. 1997.
300 ## - PHYSICAL DESCRIPTION
Extent 58 p.
336 ## - CONTENT TYPE
Source rdacontent
337 ## - MEDIA TYPE
Source rdamedia
Media type term sin mediacion
Media type code n
338 ## - CARRIER TYPE
Source rdacarrier
Carrier type term volumen
Carrier type code nc
490 1# - SERIES STATEMENT
Series statement Guias de practica clinica basadas en la evidencia ;
Volume/sequential designation 27
500 ## - GENERAL NOTE
General note Incluye formulario de autoevaluacion de la guia.
505 8# - FORMATTED CONTENTS NOTE
Formatted contents note Transfusion de globulos rojos.--Transfusion de plaquetas.--Transfusion de plasma fresco congelado.--Transfusion de granulocitos
650 14 - SUBJECT ADDED ENTRY--TOPICAL TERM
Topical term or geographic name entry element Transfusion de sangre.
700 1# - ADDED ENTRY--PERSONAL NAME
Personal name Cortes Buelvas, Armando.
710 2# - ADDED ENTRY--CORPORATE NAME
Corporate name or jurisdiction name as entry element Instituto de Seguros Sociales.
908 ## - PUT COMMAND PARAMETER (RLIN)
Put command parameter 160627
942 ## - ADDED ENTRY ELEMENTS (KOHA)
Koha item type Libros
Classification part 616.075
Item part M33
Source of classification or shelving scheme Dewey Decimal Classification
Existencias
Withdrawn status Lost status Source of classification or shelving scheme Damaged status Not for loan Collection Home library Current library Shelving location Date acquired Inventory number Total checkouts Full call number Barcode Date last seen Price effective from Koha item type Public note
    Dewey Decimal Classification     General Miguel Henríquez Emiliani Miguel Henríquez Emiliani General 03/31/2025 014632   616.075 M33 014632 03/31/2025 03/31/2025 Libros 610-CIENME